The Messiah : (Record no. 7248)
[ view plain ]
| 000 -LEADER | |
|---|---|
| fixed length control field | 01015ncm a2200289 i 4500 |
| 001 - CONTROL NUMBER | |
| control field | 5433520 |
| 003 - CONTROL NUMBER IDENTIFIER | |
| control field | OSt |
| 005 - DATE AND TIME OF LATEST TRANSACTION | |
| control field | 20190131152150.0 |
| 008 - FIXED-LENGTH DATA ELEMENTS--GENERAL INFORMATION | |
| fixed length control field | 790927s1902 enkorc n eng d |
| 040 ## - CATALOGING SOURCE | |
| Original cataloging agency | IXA |
| Transcribing agency | IXA |
| Modifying agency | m.c. |
| -- | OBE |
| 045 ## - TIME PERIOD OF CONTENT | |
| Time period code | v4v4 |
| 082 ## - DEWEY DECIMAL CLASSIFICATION NUMBER | |
| Classification number | 783 |
| Item number | H236M |
| 099 ## - LOCAL FREE-TEXT CALL NUMBER (OCLC) | |
| Classification number | 783.33MH118MP |
| 099 ## - LOCAL FREE-TEXT CALL NUMBER (OCLC) | |
| Classification number | 783.33M |
| -- | H118MP |
| 100 1# - MAIN ENTRY--PERSONAL NAME | |
| Personal name | Handel, George Frideric, |
| Dates associated with a name | 1685-1759 |
| 240 10 - UNIFORM TITLE | |
| Uniform title | Messiah. |
| Version | Vocal score |
| 245 14 - TITLE STATEMENT | |
| Title | The Messiah : |
| Remainder of title | a sacred oratorio / |
| Statement of responsibility, etc. | composed in the year 1741 by G. F. Handel ; edited, and the pianoforte acc. largely re-written, by Ebenezer Prout |
| 260 ## - PUBLICATION, DISTRIBUTION, ETC. | |
| Place of publication, distribution, etc. | New York : |
| Name of publisher, distributor, etc. | H. W. Gray, |
| Date of publication, distribution, etc. | c1902 |
| 300 ## - PHYSICAL DESCRIPTION | |
| Extent | vi, 209 p. ; |
| Dimensions | 26 cm |
| 440 #0 - SERIES STATEMENT/ADDED ENTRY--TITLE | |
| Title | Novello's original octavo edition |
| 500 ## - GENERAL NOTE | |
| General note | English words; libretto by Charles Jennens from the Bible and Prayer Book Psalter |
| 600 00 - SUBJECT ADDED ENTRY--PERSONAL NAME | |
| Personal name | Jesus Christ |
| General subdivision | Songs and music. |
| 650 #0 - SUBJECT ADDED ENTRY--TOPICAL TERM | |
| Topical term or geographic name entry element | Oratorios |
| General subdivision | Vocal scores with piano |
| 700 1# - ADDED ENTRY--PERSONAL NAME | |
| Personal name | Prout, Ebenezer, |
| Dates associated with a name | 1835-1909 |
| 700 1# - ADDED ENTRY--PERSONAL NAME | |
| Personal name | Jennens, Charles, |
| Dates associated with a name | 1700-1773 |
| 942 ## - ADDED ENTRY ELEMENTS (KOHA) | |
| Source of classification or shelving scheme | Dewey Decimal Classification |
| Koha item type | Books |
| Withdrawn status | Lost status | Source of classification or shelving scheme | Damaged status | Not for loan | Collection code | Home library | Current library | Shelving location | Date acquired | Cost, normal purchase price | Total Checkouts | Full call number | Barcode | Date last seen | Price effective from | Koha item type |
|---|---|---|---|---|---|---|---|---|---|---|---|---|---|---|---|---|
| Dewey Decimal Classification | Non-fiction | Harvest Mission College | Harvest Mission College | General Stacks | 31.01.2019 | 650.00 | 783 H236M | 008151 | 31.01.2019 | 31.01.2019 | Books |
